000
00218 a2200097 4500
001
41409
100
_a
Thesaurus,
245
_a
Chambers 20th century thesaurus
260
_a
London
_b
Chambers
_c
090
_c
25585
_d
25585
942
_a
NUST-CAE
_c
M
_c
17319
999
_c
276482
_d
276482